| 000 | 01172nam a22003497a 4500 | ||
|---|---|---|---|
| 003 | CHAP | ||
| 005 | 20220817042246.0 | ||
| 008 | 971013s1984 r 00010 d | ||
| 010 | _a38885 | ||
| 011 | _a39857 | ||
| 035 | _a43982 | ||
| 040 | _cCHAP | ||
| 090 | _aTesis | ||
| 100 | 0 | 0 |
_aMolina Salazar, Víctor Manuel. _977390 |
| 245 | _aEfecto suelo-planta a la incorporación estercolada | ||
| 260 |
_aCd. Juárez, Chih. : _bEl autor, _c1984 |
||
| 300 |
_a126 h. _b: ilus |
||
| 502 | _aTesis (Ing. Agrónomo Fitotecnista) -- Escuela Superior de Agricultura Hermanos Escobar | ||
| 590 |
_aALEPH _b10 _c20130110 _lUCH01 _h1305 |
||
| 590 |
_aBATCH-UPD _b10 _c20130110 _lUCH01 _h1202 |
||
| 590 |
_aBATCH-UPD _b10 _c20130410 _lUCH01 _h0744 |
||
| 590 |
_aBATCH-UPD _b10 _c20130914 _lUCH01 _h1326 |
||
| 590 |
_aCONVERSION _b10 _c20130109 _lUCH01 _h1322 |
||
| 650 | 1 | 4 |
_aEstiércol. _938313 |
| 650 | 1 | 4 |
_aFertilizantes _xEfecto en plantas. |
| 650 | 1 | 4 |
_aFertilizantes _xEfecto en suelos. _940553 |
| 650 | 1 | 4 |
_aFertilizantes _xEfecto en trigo. _940558 |
| 650 | 1 | 4 |
_aSuelos y cultivos. _9110571 |
| 901 | _aBK | ||
| 942 | _cTESIS | ||
| 949 |
_bBC _cTES _d-100641 _eTS1 _h17421 _i43982 _si |
||
| 999 |
_c38885 _d38885 |
||